| 000 | 00603nam a2200181 a 4500 | ||
|---|---|---|---|
| 001 | 000042994 | ||
| 005 | 20201002040546.0 | ||
| 008 | 140217s2001 nyua 000 0 spa d | ||
| 020 | _a0812932870 | ||
| 040 |
_aDO-SdBNP _bspa _cBNPHU |
||
| 082 |
_axxx _bxxx |
||
| 100 | 1 |
_aCooper, Robert K. _970507 |
|
| 245 | 1 | 0 |
_aThe other 90% : _bhow to unlock your vast untapped potential for leadership and life / _cRobert K. Cooper. |
| 260 |
_aNew York : _bCrown Business, _c2001. |
||
| 300 |
_axvii, 316 p. : _bil. ; _c21 cm. |
||
| 500 | _aIncluye datos del autor : p. 315-316 | ||
| 504 | _aBibliografía : p. 279-314 | ||
| 999 |
_c42483 _d42483 |
||